Практические рекомендации по освоению технологии возделывания сельскохозяйственных культур без обработки почвы в засушливой зоне Ставропольского края (Запись № 10896664)
[ простой вид ]
| 000 -МАРКЕР | |
|---|---|
| контрольное поле | 01604nam0a2200289 i 4500 |
| 001 - ИДЕНТИФИКАТОР ЗАПИСИ | |
| контрольное поле | RU\NLR\BIBL_A\011286481 |
| 005 - ИДЕНТИФИКАТОР ВЕРСИИ | |
| контрольное поле | 20260408211129.0 |
| 010 ## - МЕЖДУНАРОДНЫЙ СТАНДАРТНЫЙ НОМЕР КНИГИ (ISBN) | |
| Номер (ISBN) | 9785990908079 |
| Тираж | 200 |
| 021 ## - НОМЕР ГОСУДАРСТВЕННОЙ РЕГИСТРАЦИИ | |
| Код страны | Российская Федерация |
| Номер | 2016-88637 |
| Номер Листа государственной регистраци | 5826 |
| 035 ## - ДРУГИЕ СИСТЕМНЫЕ НОМЕРА | |
| Идентификатор записи | (NLR Aleph) 011286481 |
| 100 ## - ДАННЫЕ ОБЩЕЙ ОБРАБОТКИ | |
| Данные общей обработки | 20161202d2016 u y0rusy50 ca |
| 101 0# - ЯЗЫК РЕСУРСА | |
| Язык текста, звукозаписи и т.д. | русский |
| 102 ## - СТРАНА ПУБЛИКАЦИИ ИЛИ ПРОИЗВОДСТВА | |
| Страна публикации | Российская Федерация |
| 105 ## - ПОЛЕ КОДИРОВАННЫХ ДАННЫХ: ТЕКСТОВЫЕ МАТЕРИАЛЫ, МОНОГРАФИЧЕСКИЕ | |
| Кодированные данные о монографическом текстовом документе | a z 000zy |
| 200 1# - ЗАГЛАВИЕ И СВЕДЕНИЯ ОБ ОТВЕТСТВЕННОСТИ | |
| Основное заглавие | Практические рекомендации по освоению технологии возделывания сельскохозяйственных культур без обработки почвы в засушливой зоне Ставропольского края |
| Первые сведения об ответственности | В.К. Дридигер |
| Последующие сведения об ответственности | М-во сел. хоз-ва Ставропол. края, Федер. гос. бюджет науч. учреждение "Ставропол. науч.-исслед. ин-т сел. хоз-ва" |
| 210 ## - ПУБЛИКАЦИЯ, РАСПРОСТРАНЕНИЕ И ДР. | |
| Место издания, распространения и т.д. | Ставрополь |
| -- | Саратов |
| Имя издателя, распространителя и т. д. | Амирит |
| Дата издания, распространения и т.д. | 2016 |
| 215 ## - ФИЗИЧЕСКАЯ ХАРАКТЕРИСТИКА | |
| Специфическое обозначение материала и объем | 79, [1] с. |
| Другие сведения о физической характеристике | цв. ил. |
| Размеры | 21 |
| 320 ## - ПРИМЕЧАНИЯ О НАЛИЧИИ В ДОКУМЕНТЕ БИБЛИОГРАФИИ / УКАЗАТЕЛЯ | |
| Текст примечания | Библиогр.: с. 78-80 (19 назв.) |
| 606 ## - НАИМЕНОВАНИЕ ТЕМЫ КАК ПРЕДМЕТ | |
| Наименование темы | Сельскохозяйственные растения |
| Формальный подзаголовок | Руководства, пособия и т.п |
| Тематический подзаголовок | Культура на аридных почвах без обработки |
| Географический подзаголовок | Ставропольский край |
| Системный номер авторитетной/нормативной записи | 2307502 |
| Идентификатор авторитетной/нормативной записи | RU\NLR\AUTH\6601607143 |
| 686 1# - ИНДЕКСЫ ДРУГИХ КЛАССИФИКАЦИЙ | |
| Индекс | П062(2Р37-Ст)я8 |
| 686 1# - ИНДЕКСЫ ДРУГИХ КЛАССИФИКАЦИЙ | |
| Индекс | П193(2Р37-4Ст)я8 |
| 700 #1 - ИМЯ ЛИЦА - ПЕРВИЧНАЯ ОТВЕТСТВЕННОСТЬ | |
| Начальный элемент ввода | Дридигер |
| Часть имени, кроме начального элемента ввода | В. К. |
| Расширение инициалов личного имени | Виктор Корнеевич |
| 942 ## - ДОПОЛНИТЕЛЬНЫЕ ЭЛЕМЕНТЫ ЗАПИСИ (АБИС) | |
| Тип экземпляра АБИС | Книга |
| 980 ## - КОЛЛЕКЦИЯ | |
| Название коллекции | НБР |
Нет доступных экземпляров.